00408 2200157 4500245007900000020002200079250000900101100002900110650001000139005001900149260003000168041001400198084000800212300002100220336000900241 aBuku Pintar Struktur dan Tata Bahasa ToeflcMuhammad, S.Pd., M. Hum.hText a978-602-7724-49-5 a2013 aMuhammad, S.Pd., M. Hum. aTOEFL a20240906124335 aYogyakartabLaksanac2013 aIndonesia a425 a328 hlm :c22 cm atext